[Event "HUN-ch U10/14 Girls"]
[Site "Buek"]
[Date "2023.06.25"]
[Round "9"]
[White "Brieber, Dorottya"]
[Black "Hangyal, Dora"]
[Result "0-1"]
[WhiteElo "1265"]
[BlackElo "1345"]
[PlyCount "60"]
[EventDate "2023.06.17"]
[EventType "swiss"]
[EventRounds "9"]
[EventCountry "HUN"]
[SourceTitle "CBM 215 Extra"]
[Source "ChessBase"]
[SourceDate "2023.09.30"]
[SourceVersion "1"]
[SourceVersionDate "2023.09.30"]
[SourceQuality "1"]

1. d4 d5 2. Nc3 c6 3. Bf4 Nf6 4. Nf3 Nbd7 5. e3 e6 6. a3 Be7 7. Bd3 b5 8. 0-0 0-0 9. Re1 Nh5 10. Ne5 Nxf4 11. Nxc6 Qe8 12. Nxb5 Nh3+ 13. gxh3 Nb6 14. Nxe7+ Qxe7 15. Kf1 e5 16. dxe5 Bxh3+ 17. Ke2 Qxe5 18. Nd4 Bg4+ 19. Nf3 Qf6 20. Kd2 Bxf3 21. Qc1 Bg4 22. Rf1 Bh3 23. c3 Bxf1 24. Qxf1 Rfd8 25. Kc2 Nc4 26. Rb1 Rab8 27. Qe2 Ne5 28. f4 Nxd3 29. Qxd3 Rb6 30. Kd2 Qg6 0-1

[Event "HUN-ch U10/14 Girls"]
[Site "Buek"]
[Date "2023.06.24"]
[Round "8"]
[White "Toth, Timea2222"]
[Black "Brieber, Dorottya"]
[Result "0-1"]
[WhiteElo "1964"]
[BlackElo "1265"]
[PlyCount "96"]
[EventDate "2023.06.17"]
[EventType "swiss"]
[EventRounds "9"]
[EventCountry "HUN"]
[SourceTitle "CBM 215 Extra"]
[Source "ChessBase"]
[SourceDate "2023.09.30"]
[SourceVersion "1"]
[SourceVersionDate "2023.09.30"]
[SourceQuality "1"]

1. e4 d5 2. exd5 Nf6 3. Bb5+ Bd7 4. Bc4 c6 5. dxc6 Nxc6 6. Nc3 e5 7. d3 Bc5 8. Be3 Bxe3 9. fxe3 Qe7 10. a3 a6 11. Nd5 Nxd5 12. Bxd5 Qd6 13. Bxc6 Bxc6 14. Qg4 g6 15. 0-0-0 f5 16. Qe2 0-0-0 17. e4 fxe4 18. Nh3 Qe6 19. Kb1 exd3 20. cxd3 Kb8 21. Rhe1 Rhe8 22. Ng5 Qb3 23. Qc2 Qxc2+ 24. Kxc2 Bxg2 25. Rg1 Bd5 26. Nxh7 Rh8 27. Nf6 Rxh2+ 28. Kb1 Bb3 29. Rc1 Rxd3 30. Rc3 Rxc3 31. bxc3 Bc2+ 32. Kc1 Bf5 33. Nd5 Ra2 34. Re1 Ra1+ 35. Kd2 Rxe1 36. Kxe1 Kc8 37. Kd2 Kd7 38. Ne3 Kc6 39. Nc4 Kd5 40. Ne3+ Ke4 41. Ke2 Be6 42. a4 a5 43. Kd2 Bb3 44. Ng4 Bxa4 45. Nf6+ Kf3 46. Nd5 g5 47. Ke1 Bb5 48. Nc7 Bc4 0-1

[Event "Gyor Amateur op 22nd"]
[Site "Gyor"]
[Date "2023.03.05"]
[Round "5"]
[White "Halmai, Florian"]
[Black "Brieber, Dorottya"]
[Result "1-0"]
[WhiteElo "1418"]
[BlackElo "1265"]
[PlyCount "67"]
[EventDate "2023.03.04"]
[EventType "swiss"]
[EventRounds "7"]
[EventCountry "HUN"]
[SourceTitle "EXT 2024"]
[Source "ChessBase"]
[SourceDate "2023.10.10"]
[SourceVersion "1"]
[SourceVersionDate "2023.10.10"]
[SourceQuality "1"]

1. e4 d5 2. exd5 Nf6 3. c4 e6 4. dxe6 Bxe6 5. Nf3 Nc6 6. d4 Bg4 7. Be2 Bb4+ 8. Nc3 0-0 9. 0-0 Bxf3 10. Bxf3 Nxd4 11. Bxb7 Rb8 12. Be3 Rxb7 13. Bxd4 c5 14. Be3 Rd7 15. Qc2 Qc7 16. h3 Re8 17. a3 Ba5 18. Bg5 Rd6 19. Bf4 h6 20. Nb5 Qc6 21. Nxd6 Rd8 22. b4 cxb4 23. axb4 Bc7 24. c5 a6 25. Rfe1 Bxd6 26. Bxd6 Rxd6 27. Red1 Rd7 28. Rxd7 Qxd7 29. Rd1 Qc7 30. Rd6 Kf8 31. Rxa6 Qc8 32. b5 Qe8 33. Qc4 Qe1+ 34. Qf1 1-0

[Event "Gyor Amateur op 22nd"]
[Site "Gyor"]
[Date "2023.03.04"]
[Round "4"]
[White "Brieber, Dorottya"]
[Black "Klenko, Adam"]
[Result "0-1"]
[WhiteElo "1265"]
[BlackElo "1528"]
[PlyCount "116"]
[EventDate "2023.03.04"]
[EventType "swiss"]
[EventRounds "7"]
[EventCountry "HUN"]
[SourceTitle "EXT 2024"]
[Source "ChessBase"]
[SourceDate "2023.10.10"]
[SourceVersion "1"]
[SourceVersionDate "2023.10.10"]
[SourceQuality "1"]

1. d4 d5 2. Nc3 e6 3. Nf3 Nf6 4. Bf4 a6 5. a3 Nbd7 6. e3 c5 7. Bd3 c4 8. Be2 h6 9. h3 b5 10. b4 cxb3 11. cxb3 b4 12. Na4 Ne4 13. 0-0 Nb6 14. Rc1 Bd6 15. Bxd6 Qxd6 16. axb4 Nxa4 17. bxa4 Qxb4 18. Rb1 Qd6 19. Qc2 0-0 20. Bd3 Nf6 21. Ne5 Bd7 22. Rb2 Rfc8 23. Qd1 Qa3 24. Rb7 Bxa4 25. Qf3 Be8 26. Rfb1 Rc1+ 27. Kh2 Rxb1 28. Bxb1 Qd6 29. g3 Rb8 30. Rxb8 Qxb8 31. Bd3 a5 32. Qd1 a4 33. Bb1 a3 34. Kg2 Ne4 35. Qc1 Qb2 36. Qxb2 axb2 37. Nd3 Nd2 38. Nxb2 Nxb1 39. f4 Bb5 40. h4 Nd2 41. Kf2 g5 42. h5 gxf4 43. gxf4 Kg7 44. Kg3 Kf6 45. Kg4 Nf1 46. Kf3 Kf5 47. Nd1 Nd2+ 48. Kg3 Be2 49. Nc3 Bxh5 50. Kh4 Bg4 51. Kg3 Ne4+ 52. Nxe4 dxe4 53. Kh4 h5 54. Kg3 f6 55. Kh4 e5 56. fxe5 fxe5 57. d5 Kf6 58. Kg3 Ke7 0-1

[Event "HUN-chT5"]
[Site "Hungary"]
[Date "2023.01.07"]
[Round "5.6"]
[White "Brieber, Dorottya"]
[Black "Lorincz, Zoltan"]
[Result "0-1"]
[WhiteElo "1277"]
[BlackElo "1580"]
[PlyCount "72"]
[EventDate "2022.12.03"]
[EventType "team-tourn"]
[EventRounds "9"]
[EventCountry "HUN"]
[SourceTitle "EXT 2024"]
[Source "ChessBase"]
[SourceDate "2023.10.10"]
[SourceVersion "1"]
[SourceVersionDate "2023.10.10"]
[SourceQuality "1"]

1. d4 d5 2. Nc3 Nf6 3. Bf4 c6 4. Nf3 e6 5. a3 Be7 6. e3 0-0 7. Be2 Nbd7 8. 0-0 Nh5 9. Be5 Nhf6 10. Bd3 c5 11. Nb5 Nxe5 12. Nxe5 c4 13. Be2 Qb6 14. a4 a6 15. Nc3 Qxb2 16. Na2 Qb6 17. c3 Nd7 18. Rb1 Qc7 19. Nf3 Nf6 20. Ne5 Bd6 21. f4 Ne4 22. Bf3 Nf6 23. Ng4 Nxg4 24. Bxg4 b5 25. Nb4 a5 26. Na2 b4 27. cxb4 axb4 28. Nxb4 Bd7 29. Qe2 Rxa4 30. Nc2 Rfa8 31. Qf3 f5 32. Bh3 Ra2 33. Qd1 Ba4 34. Rc1 Rb8 35. g3 Rbb2 36. Rf2 Qb6 0-1

[Event "HUN-chT5"]
[Site "Hungary"]
[Date "2023.01.07"]
[Round "6.11"]
[White "Nemeth, Zoltan1111"]
[Black "Brieber, Dorottya"]
[Result "1/2-1/2"]
[WhiteElo "1294"]
[BlackElo "1277"]
[PlyCount "42"]
[EventDate "2022.12.03"]
[EventType "team-tourn"]
[EventRounds "9"]
[EventCountry "HUN"]
[SourceTitle "EXT 2024"]
[Source "ChessBase"]
[SourceDate "2023.10.10"]
[SourceVersion "1"]
[SourceVersionDate "2023.10.10"]
[SourceQuality "1"]

1. d4 d5 2. c4 Nf6 3. Nc3 Nc6 4. e3 Bf5 5. a3 e6 6. Nf3 a6 7. Qa4 Qd7 8. Ne5 Nxe5 9. dxe5 Qxa4 10. Nxa4 Nd7 11. cxd5 exd5 12. f4 b5 13. Nc3 c6 14. Be2 Bc5 15. b4 Bb6 16. Nd1 c5 17. 0-0 0-0 18. Kh1 c4 19. Bf3 Be4 20. Bb2 Rae8 21. Bd4 f6 1/2-1/2